000 01044nam a22002537a 4500
005 20170123164159.0
010 _aA-551352
020 _c250.00
_a818526781
035 _aA-551352
037 _bCen Lib / Ret
040 _aDPL
_bPN
082 _a851
_bਸਹਿਰਾ
100 _aਸਹਿਰਾਈ, ਪਿਆਰਾ ਸਿੰਘ
_97478
245 _aਮੇਰੀ ਕਵਿਤਾ ਦਾ ਸਫ਼ਰ /
_cਪਿਆਰਾ ਸਿੰਘ ਸਹਿਰਾਈ
246 _aMer kavita da safar /
_bby Piara Singh Sehrai
260 _a ਦਿੱਲੀ
_bਨਵਯੁਗ ਪਬਲਿਸ਼ਰਜ਼
_c1992
270 _aਪਲੱਈਅਰ ਗਾਰਡਨ ਮਾਰਕਿਟ,ਚਾਂਚਨੀ ਚੈਕ
_bਦਿੱਲੀ
_e10006
300 _a528p.
_c22cm(Hb)
650 _a ਸਾਹਿਤ --ਪੰਜਾਬੀ
_9132226
650 _a ਪੰਜਾਬੀ--- ਕਵਿਤਾਵਾਂ
_9132227
650 _a Literature--Punjabi
_9132228
650 _aPunjabi-- Poetry
_9132229
942 _2ddc
_cPN
_h851
_mਸਹਿਰਾ
999 _c110910
_d110910